| 000 | 00828cab a2200253 4500 | ||
|---|---|---|---|
| 001 | ABS51594 | ||
| 008 | 090401t1994 xxu||||| |||| 00| 0 eng d | ||
| 035 | _a(Sirsi) u34417 | ||
| 041 | _aeng | ||
| 100 | _aNewell, G. | ||
| 245 | 4 | _aThe valuation profession in Australia | |
| 260 | _c1994 | ||
| 350 | _a0 | ||
| 490 |
_aSouth African Valuer _v(39) September 1994, 9-10(2) |
||
| 520 | _aOutlines the history and organisation of the profession in Australia, emphasising the themes of self-regulation and continuing professional development. | ||
| 650 | _aAIVLE | ||
| 650 | _aAUSTRALIA | ||
| 650 | _aAUSTRALIAN INSTITUTE OF VALUERS AND LAND ECONOMISTS | ||
| 650 | _aVALUATION PROFESSION | ||
| 690 | _aOVERSEAS | ||
| 690 | _aMANAGEMENT-BUSINESS MANAGEMENT-PROFESSIONAL PRACTICE | ||
| 942 | _n0 | ||
| 948 | _c04/03/1997 | ||
| 999 |
_c22801 _d22801 |
||